Waite group's C++ primer plus (Registro nro. 1918)

Detalles MARC
000 -CABECERA
Campo de control 00577nam a2200217 a 4500
005 - FECHA Y HORA DE LA ULTIMA TRANSACCION
Campo de control 20200518144456.0
008 - ELEMENTOS DE LONGITUD FIJA—INFORMACION GENERAL
Campo de control 140303b1998 inu||||| |||| 00| 0 eng d
040 ## - FUENTE DE CATALOGACIÓN
Agencia catalogadora original CO-BoIAVH
Agencia transcriptora CO-BoIAVH
041 ## - IDIOMA
Código de idioma para texto/pista de sonido o título separado Inglés
082 ## - NUMERO DE CLASIFICACION DECIMAL DEWEY
Número de clasificación 005.262
090 ## - CLASIFICACIÓN LOCAL
Colección LB
Consecutivo 01749
100 ## - ASIENTO PRINCIPAL--NOMBRE PERSONAL
Nombre personal Prata, Stephen
245 ## - MENCION DE TITULO
Título Waite group's C++ primer plus
250 ## - MENCION DE EDICION
Mención de edición 3 ed.
260 ## - PUBLICACION, DISTRIBUCION, ETC. (PIE DE IMPRENTA)
Lugar de publicación, distribución, etc. Indianapolis
Nombre del editor, distribuidor, etc. SAMS
Fecha de publicación, distribución, etc. 1998
300 ## - DESCRIPCION FISICA
Extensión 1040 p.
650 ## - ASIENTO SECUNDARIO DE MATERIA - TERMINO TEMATICO
Término temático o nombre geográfico como elemento de entrada Programación de computadoras
650 ## - ASIENTO SECUNDARIO DE MATERIA - TERMINO TEMATICO
Término temático o nombre geográfico como elemento de entrada Lenguajes de programación
650 ## - ASIENTO SECUNDARIO DE MATERIA - TERMINO TEMATICO
Término temático o nombre geográfico como elemento de entrada Computación
942 ## - ELEMENTOS ADICIONALES (KOHA)
Tipo de ítem Libro
Sistema de clasificación Local
Existencias
Withdrawn status Lost status Sistema de Clasificación Damaged status No para préstamo Colección Ubicación Permanente Ubicación actual Fecha de adquisición Fuente de Valor Total Checkouts Número topográfico Inventario / Código de Barras Date last seen Ejemplar Price effective from Forma de adquisición Tipo de material
    Local     General Villa de Leyva Villa de Leyva 26/01/2001 Vallejo, Martha Isabel   LB-01749 004865 04/12/2012 Ej. 1 04/12/2012 Compra Libro